<?xml version="1.0" encoding="UTF-8"?>
<record
    xmlns:xsi="http://www.w3.org/2001/XMLSchema-instance"
    xsi:schemaLocation="http://www.loc.gov/MARC21/slim http://www.loc.gov/standards/marcxml/schema/MARC21slim.xsd"
    xmlns="http://www.loc.gov/MARC21/slim">

  <leader>02457cam a2200361 a 4500</leader>
  <datafield tag="999" ind1=" " ind2=" ">
    <subfield code="c">26002</subfield>
    <subfield code="d">26002</subfield>
  </datafield>
  <controlfield tag="001">16922562</controlfield>
  <controlfield tag="005">20170201161136.0</controlfield>
  <controlfield tag="008">110815s2012    moua     b    001 0 eng  </controlfield>
  <datafield tag="010" ind1=" " ind2=" ">
    <subfield code="a">  2011034430</subfield>
  </datafield>
  <datafield tag="020" ind1=" " ind2=" ">
    <subfield code="a">9780323074612 (pbk. : alk. paper)</subfield>
  </datafield>
  <datafield tag="035" ind1=" " ind2=" ">
    <subfield code="a">(DNLM)101566944</subfield>
  </datafield>
  <datafield tag="040" ind1=" " ind2=" ">
    <subfield code="a">DNLM/DLC</subfield>
    <subfield code="c">DLC</subfield>
    <subfield code="d">DLC</subfield>
  </datafield>
  <datafield tag="042" ind1=" " ind2=" ">
    <subfield code="a">pcc</subfield>
  </datafield>
  <datafield tag="050" ind1="0" ind2="0">
    <subfield code="a">RT120   </subfield>
    <subfield code="b"> .U73 2012</subfield>
  </datafield>
  <datafield tag="060" ind1="1" ind2="0">
    <subfield code="a">WY 154</subfield>
  </datafield>
  <datafield tag="245" ind1="0" ind2="0">
    <subfield code="a">Priorities in critical care nursing /</subfield>
    <subfield code="c">Linda D. Urden, Kathleen M. Stacy, Mary E. Lough.</subfield>
  </datafield>
  <datafield tag="250" ind1=" " ind2=" ">
    <subfield code="a">6th ed.</subfield>
  </datafield>
  <datafield tag="260" ind1=" " ind2=" ">
    <subfield code="a">St. Louis, Mo. :</subfield>
    <subfield code="b">Elsevier/Mosby,</subfield>
    <subfield code="c">c2012.</subfield>
  </datafield>
  <datafield tag="300" ind1=" " ind2=" ">
    <subfield code="a">1 v. (various pagings) :</subfield>
    <subfield code="b">ill. (chiefly col.) ;</subfield>
    <subfield code="c">28 cm.</subfield>
  </datafield>
  <datafield tag="504" ind1=" " ind2=" ">
    <subfield code="a">Includes bibliographical references and index.</subfield>
  </datafield>
  <datafield tag="505" ind1="0" ind2=" ">
    <subfield code="a">Caring for the critically ill patient -- Ethical and legal issues -- Patient and family education -- Psychosocial alterations -- Sleep alterations -- Nutritional alterations -- Gerontological alterations -- Pain and pain management -- Sedation, delirium, and alcohol withdrawal syndrome: assessment and management -- End-of-life care -- Cardiovascular clinical assessment and diagnostic procedures -- Cardiovascular disorders -- Cardiovascular therapeutic management -- Pulmonary clinical assessment and diagnostic procedures -- Pulmonary disorders -- Pulmonary therapeutic management -- Neurological clinical assessment and diagnostic procedures -- Neurological disorders and therapeutic management -- Renal clinical assessment and diagnostic procedures -- Renal disorders and therapeutic management -- Gastrointestinal clinical assessment and diagnostic procedures -- Gastrointestinal disorders and therapeutic management -- Endocrine clinical assessment and diagnostic procedures -- Endocrine disorders and therapeutic management -- Trauma -- Shock, sepsis, and multiple organ dysfunction syndrome -- Hematological disorders and oncological emergencies.</subfield>
  </datafield>
  <datafield tag="650" ind1="1" ind2="2">
    <subfield code="a">Critical Care.</subfield>
  </datafield>
  <datafield tag="650" ind1="1" ind2="2">
    <subfield code="a">Nursing Care.</subfield>
  </datafield>
  <datafield tag="650" ind1="2" ind2="2">
    <subfield code="a">Critical Illness</subfield>
    <subfield code="x">nursing.</subfield>
  </datafield>
  <datafield tag="700" ind1="1" ind2=" ">
    <subfield code="a">Urden, Linda Diann.</subfield>
  </datafield>
  <datafield tag="700" ind1="1" ind2=" ">
    <subfield code="a">Stacy, Kathleen M.</subfield>
  </datafield>
  <datafield tag="700" ind1="1" ind2=" ">
    <subfield code="a">Lough, Mary E.</subfield>
  </datafield>
  <datafield tag="942" ind1=" " ind2=" ">
    <subfield code="2">lcc</subfield>
    <subfield code="c">BOOKS</subfield>
    <subfield code="h">RT120 .U73 2012</subfield>
  </datafield>
  <datafield tag="952" ind1=" " ind2=" ">
    <subfield code="0">0</subfield>
    <subfield code="1">0</subfield>
    <subfield code="2">lcc</subfield>
    <subfield code="4">0</subfield>
    <subfield code="7">0</subfield>
    <subfield code="a">MUC</subfield>
    <subfield code="b">MUC</subfield>
    <subfield code="c">TECH</subfield>
    <subfield code="d">2017-02-01</subfield>
    <subfield code="e">Donation(BFA)</subfield>
    <subfield code="l">0</subfield>
    <subfield code="o">RT120 .U73 2012</subfield>
    <subfield code="p">33668</subfield>
    <subfield code="r">2018-08-07</subfield>
    <subfield code="w">2017-02-01</subfield>
    <subfield code="y">BOOKS</subfield>
  </datafield>
</record>
